Princess ponies/ (Record no. 631178)

MARC details
000 -LEADER
fixed length control field 00557nam a2200205 4500
003 - CONTROL NUMBER IDENTIFIER
control field 3228
005 - DATE AND TIME OF LATEST TRANSACTION
control field 20260422094452.0
008 - FIXED-LENGTH DATA ELEMENTS--GENERAL INFORMATION
fixed length control field 220310b sa ||||| |||| 00| 0 eng d
020 ## - INTERNATIONAL STANDARD BOOK NUMBER
International Standard Book Number 9781681194950
040 ## - CATALOGING SOURCE
Original cataloging agency RDA
Transcribing agency 3228
Description conventions Resource Description and Access
Language of cataloging ENGLISH
041 ## - LANGUAGE CODE
Language code of text/sound track or separate title ENGLISH
082 ## - DEWEY DECIMAL CLASSIFICATION NUMBER
Classification number JF RYD
245 ## - TITLE STATEMENT
Title Princess ponies/
Statement of responsibility, etc. Ryder, Chloe
260 ## - PUBLICATION, DISTRIBUTION, ETC.
Place of publication, distribution, etc. New York :
Name of publisher, distributor, etc. Bloomsbury, .
Date of publication, distribution, etc. 2017
300 ## - PHYSICAL DESCRIPTION
Extent 104, 5 pages :
Dimensions illustrations,
Other physical details 21 centimetre.
490 ## - SERIES STATEMENT
Series statement 3 BOOKS IN 1
648 ## - SUBJECT ADDED ENTRY--CHRONOLOGICAL TERM
Source of heading or term Princess Ponies/
650 ## - SUBJECT ADDED ENTRY--TOPICAL TERM
Source of heading or term Princess Ponies/
942 ## - ADDED ENTRY ELEMENTS
Source of classification or shelving scheme Dewey Decimal Classification
item type Books
-- 416
-- Yoliswa Sabana
Holdings
Withdrawn status Lost status Source of classification or shelving scheme Damaged status Not for loan Collection code Home library Current library Shelving location Date acquired Full call number Barcode Date last seen Price effective from item type Total Checkouts
    Dewey Decimal Classification       KWAMHLANGA REGIONAL LIBRARY MASOBYE Children's Area 10.03.2022 JF RYDE 33228031020261 10.03.2022 10.03.2022 Continuing Resources  
    Dewey Decimal Classification     Fiction Mbombela City Library Mbombela City Library Fiction 22.04.2026 EJF RYDE 33228031031420 22.04.2026 22.04.2026 Books  
    Dewey Decimal Classification     Fiction Mbombela City Library Mbombela City Library Fiction 22.04.2026 EJF RYD 33228031031428 22.04.2026 22.04.2026 Books